| 000 | 01429nam a22003737a 4500 | ||
|---|---|---|---|
| 001 | 2089237 | ||
| 003 | OSt | ||
| 005 | 20210426115630.0 | ||
| 008 | 951002r19961995nju b 001 0 eng | ||
| 010 | _a 95042249 | ||
| 020 | _a0691026351 (alk. paper) | ||
| 040 |
_aDLC _cDLC _dDLC _beng |
||
| 041 | _aeng | ||
| 050 | 0 | 0 |
_aJC257.B47 _bG73 1996 |
| 080 |
_a92 _bG-76 |
||
| 082 | 0 | 0 |
_a320/.01 _220 |
| 100 | 1 |
_aGray, John, _d1948- |
|
| 245 | 1 | 0 |
_aIsaiah Berlin / _cJohn Gray. _b/ by: Princeton University Press |
| 260 |
_aPrinceton, N.J. _bPrinceton University Press _cc1996. |
||
| 300 |
_aviii, 189 p. _c23 cm. |
||
| 365 | _b19.95 usd | ||
| 500 | _aOriginally published: Hammersmith, London : HarperCollins Publishers, 1995. | ||
| 504 | _aIncludes bibliographical references (p. [169]-177) and index. | ||
| 600 | 1 | 0 |
_aBerlin, Isaiah, _d1909-1997. |
| 650 | 0 |
_aPolitical science _zGreat Britain. |
|
| 650 | 0 |
_aBiography _9237 |
|
| 653 | _aბიოგრაფია | ||
| 653 | _aპოლიტიკის მეცნიერებები | ||
| 856 | 4 | 1 |
_3Table of contents _uhttp://www.loc.gov/catdir/toc/prin031/95042249.html |
| 856 | 4 | 2 |
_3Publisher description _uhttp://www.loc.gov/catdir/description/prin021/95042249.html |
| 906 |
_a7 _bcbc _corignew _d1 _eocip _f19 _gy-gencatlg |
||
| 942 |
_2udc _cBK |
||
| 999 |
_c1021 _d1021 |
||